Resúmenes de las investigaciones en bovinos de leche realizadas por INIA durante el período 1964-1984

Saved in:
Bibliografiske detaljer
Institution som forfatter: INIA (Author)
Format: Bog
Sprog:spansk
Udgivet: Santiago INIA 1986
Fag:
Tags: Tilføj Tag
Ingen Tags, Vær først til at tagge denne postø!

MARC

LEADER 00000nam a2200000 a 4500
001 UCR0368
003 CL-VaPUC
008 971205e19860000CL |||||||||||||||||spa|d
082 0 4 |a 637.1  |b INI  |2 21 
110 2 |a INIA  |e author  |9 395932 
245 1 0 |a Resúmenes de las investigaciones en bovinos de leche realizadas por INIA durante el período 1964-1984 
300 |a 225 p 
942 |c BK 
945 |d 19971205 00:00:00  |a jquezada 
260 |a Santiago  |b INIA  |c 1986 
650 0 |a Ganado vacuno  |9 264243 
650 0 |a Alimentación animal  |9 393779 
650 7 |a LACTANCIA  |2 CL-VaPUC  |9 271724 
650 7 |a CRIANZA DE TERNEROS  |2 CL-VaPUC  |9 395934 
650 7 |a FORRAJERAS  |2 CL-VaPUC  |9 394505 
650 0 |a Productos lácteos   |9 259521 
650 7 |a PRODUCCION DE LECHE  |2 CL-VaPUC  |9 394513 
650 0 |a Comercialización   |9 259326 
650 7 |a CRIANZA ARTIFICIAL  |2 CL-VaPUC  |9 395935 
583 |a last modification  |c 19971205 00:00:00  |k Rodrigo Vera 
999 |c 263897  |d 263895